| 000 | 00767nam a2200241 i 4500 | ||
|---|---|---|---|
| 001 | 187464 | ||
| 003 | SpMaBN | ||
| 005 | 20230906222931.0 | ||
| 008 | 170706s1968 sp ad |||| | spa d | ||
| 080 | _a618.17-008.14 | ||
| 100 | 1 |
_aDexeus, José María ( _d1924-2016) _9163387 |
|
| 245 | 1 | 0 |
_aFrigidez femenina / _cDr. José Mª Dexeus Trías de Bes. |
| 260 |
_aMadrid : _bProductos Roche, _c[1968] |
||
| 300 |
_a62 p. : _bil. col. y n., gráf. ; _c23 cm. |
||
| 490 | 1 |
_aMonografía Roche ; _v9 |
|
| 504 | _aBibliografía: p. 61-62. | ||
| 650 | 0 | 7 |
_aFrigidez. _9163386 |
| 650 | 4 |
_aSexualidad- _xTrastornos. _917085 |
|
| 710 | 2 |
_aProductos Roche. _96261 |
|
| 830 | 0 |
_aMonografía Roche ; _v9 _9177259 |
|
| 852 |
_aES-MaACL _jL-31789 |
||
| 999 |
_c187464 _d187464 |
||